|
|
|
|
| LEADER |
01725cas a2200241 a 4500 |
| 001 |
AALejournalIMF001257 |
| 008 |
230101c9999 xx r poo 0 0eng d |
| 020 |
|
|
|c 5.00 USD
|
| 020 |
|
|
|z 9781451803662
|
| 022 |
|
|
|a 1934-7685
|
| 040 |
|
|
|a BD-DhAAL
|c BD-DhAAL
|
| 110 |
2 |
|
|a International Monetary Fund.
|
| 245 |
1 |
0 |
|a Burkina Faso :
|b Staff Report for the 2000 Article IV Consultation and First Review Under the Poverty Reduction and Growth Facility.
|
| 264 |
|
1 |
|a Washington, D.C. :
|b International Monetary Fund,
|c 2000.
|
| 300 |
|
|
|a 1 online resource (66 pages)
|
| 490 |
1 |
|
|a IMF Staff Country Reports
|
| 500 |
|
|
|a <strong>Off-Campus Access:</strong> No User ID or Password Required
|
| 500 |
|
|
|a <strong>On-Campus Access:</strong> No User ID or Password Required
|
| 506 |
|
|
|a Electronic access restricted to authorized BRAC University faculty, staff and students
|
| 520 |
3 |
|
|a Burkina Faso's sustained adjustment effort has been supported by the IMF under successive programs since 1991. Macroeconomic performance was favorable in 1999. Monetary policy is conducted at the regional level by the Central Bank for West African States and remained prudent. In 1999 and early 2000, the Burkinabe authorities strengthened the implementation of structural reforms, in particular as regards the civil service, the cotton sector, and the liberalization of the telecommunications sector. Executive Directors stressed the importance of reforms to strengthen the competitiveness of the economy.
|
| 538 |
|
|
|a Mode of access: Internet
|
| 830 |
|
0 |
|a IMF Staff Country Reports; Country Report ;
|v No. 2000/086
|
| 856 |
4 |
0 |
|z Full text available on IMF
|u http://elibrary.imf.org/view/journals/002/2000/086/002.2000.issue-086-en.xml
|z IMF e-Library
|